[Event "Ouest Toulousain op-A 3rd"]
[Site "Tournefeuille"]
[Date "2008.02.29"]
[Round "7"]
[White "Sanchez Rojo, Gustavo"]
[Black "Doucet, Romain"]
[Result "1-0"]
[WhiteElo "2245"]
[BlackElo "1900"]
[PlyCount "45"]
[EventDate "2008.02.25"]
[EventType "swiss"]
[EventRounds "9"]
[EventCountry "FRA"]
[SourceTitle "CBM 123 Extra"]
[Source "ChessBase"]
[SourceDate "2008.05.06"]
[SourceVersion "1"]
[SourceVersionDate "2008.05.06"]
[SourceQuality "1"]

1. e4 c5 2. Nc3 e6 3. f4 a6 4. Nf3 b5 5. g3 Bb7 6. d3 d6 7. Bg2 Nd7 8. 0-0 Qc7 9. Bd2 g6 10. Qe2 Bg7 11. f5 Ne5 12. fxe6 fxe6 13. Bh3 Bc8 14. Nxe5 Bxe5 15. Rae1 Qg7 16. Bf4 Bxf4 17. Rxf4 e5 18. Bxc8 exf4 19. Be6 fxg3 20. e5 Qf8 21. hxg3 Kd8 22. Qe4 Ra7 23. Qc6 1-0